Top 10 villes étudiantes en 2025 - Statistiques

Statistiques générales
  • Ce quiz a été pris 176 fois
  • Le résultat moyen est 6 sur 10
Statistiques - réponses
Hint Réponse % Correct
1 Toulouse
89%
7 Lyon
84%
8 Nantes
77%
4 Rennes
77%
3 Montpellier
74%
9 Strasbourg
66%
6 Grenoble
52%
10 Nancy
34%
5 Caen
28%
2 Besançon
17%
Aucun quiz correspondant
Distribution des résultats
% des personnes avec chaque résultat
Percentile par nombre de réponses
Votre historique - résultats
Vous n’avez pas pris ce quiz